000 00549nam a2200181 a 4500
005 20210223123807.0
008 991125n 000 0 spa u
035 _aUPN01000066055
100 1 _aMessmacher Linartas, Miguel,
_d1972-
_929312
222 _aREVISTA IBEROAMERICANA DE EDUCACION (ESPAÑA)
245 _aBibliografía de consulta : descentralización educativa
300 _a89-119
362 0 _a1993 No. 3 (sep.-dic.)
653 0 _aBIBLIOGRAFIA
653 0 _aDESCENTRALIZACION EDUCATIVA
904 _aAC
_b003866
905 _aArticulo
999 _c63281
_d63281